Biblioteca

Pasaje al futuro (Registro nro. 69301)

Detalles MARC
000 -LÍDER
Campo fijo de descripción fija 01567nam a22003254i 4500
001 - NÚMERO DE CONTROL
Campo de control 768714001
003 - IDENTIFICADOR DEL NÚMERO DE CONTROL
Campo de control CO-MdFUSB
005 - FECHA Y HORA DE LA ULTIMA TRANSACCIÓN
control field 20240827170816.0
008 - ELEMENTOS DE LONGITUD FIJA -- INFORMACIÓN GENERAL
Campo fijo de descripción fija -- Información general 240214t2014 ag a|||g |||| 00| 0dspa d
020 ## - NÚMERO INTERNACIONAL NORMALIZADO PARA LIBROS
Número Internacional Normalizado del libro 9789500749640
040 ## - FUENTE DE CATALOGACIÓN
Agencia de catalogación original CO-MdFUSB
Idioma de catalogación spa
Agencia que realiza la transcripción CO-MdFUSB
Agencia que realiza la modificación CO-MdFUSBC
Convenciones de la descripción rda
041 ## - CÓDIGO DE IDIOMA
Código de idioma para texto/pista de sonido o título separado spa
082 ## - NÚMERO DE CLASIFICACIÓN DECIMAL DEWEY
Número de la edición del Dewey 23
Número de clasificación 600
Clave de autor-Numero de item B595
100 ## - ASIENTO PRINCIPAL--NOMBRE PERSONAL
Nombre personal Bilinkis, Santiago,
Término relacionador autor
245 ## - TÍTULO
Título del Material Pasaje al futuro
Mención de responsabilidad, etc. / Santiago Bilinkis
246 ## - FORMA VARIANTE DEL TITULO
Título propiamente dicho/forma breve del título Pasaje al futuro
Parte restante del título Guia para abordar el viaje del mañana
250 ## - MENCIÓN DE EDICIÓN
Mención de edición Primera edición
264 #1 - PRODUCCIÓN, PUBLICACIÓN, DISTRIBUCIÓN, MANUFACTURA, Y COPYRIGHT
Nombre del productor, publicador, distribuidor Sudamericana,
Lugar de producción, publicación, distribución, manufactura Buenos Aires, Argentina :
Fecha de producción, publicación, distribución, manufactura, o copyright [2014]
264 #4 - PRODUCCIÓN, PUBLICACIÓN, DISTRIBUCIÓN, MANUFACTURA, Y COPYRIGHT
Fecha de producción, publicación, distribución, manufactura, o copyright ©2014
300 ## - DESCRIPCIÓN FÍSICA
Extensión 301 páginas
Dimensiones ; 23 cm
336 ## - TIPO DE CONTENIDO
Fuente rdacontent
Término de tipo de contenido texto
Código de tipo de contenido txt
337 ## - TIPO DE MEDIO
Fuente rdamedia
Nombre del tipo de medio sin mediación
Código del tipo de medio n
338 ## - TIPO DE SOPORTE
Fuente rdacarrier
Nombre del tipo de soporte volumen
Código Tipo de soporte nc
505 ## - NOTA DE CONTENIDO
Título Parte I: Conociendo lo que viene:
Nota de contenido con formato preestablecido El pasado, el presente y el futuro del futuro. -- Biología sintética y el lenguaje de la vida. -- El futuro de la salud y el tuneo del cuerpo. -- El hackeo de la mente. -- La inteligencia de los computadores y la llegada de los robots. -- Máquinas que piensen... ¿máquinas que sienten? -- La extensión de la vida. -- El futuro de la vuelta de la esquina.
Título Parte II: Preparándonos para el futuro:
Nota de contenido con formato preestablecido Reinventando la educación: nuevos contenidos, nuevas formas. -- Computadoras vs. humanos 3: el futuro del ¿empleo? -- Guía para sobrevivir al futuro. -- Epilogo: construyendo el futuro.
563 ## - NOTA DE ENCUADERNACIÓN
Nota de encuadernación Rústico
650 #7 - ASIENTO SECUNDARIO DE MATERIA - TERMINO TEMÁTICO
Término temático o nombre geográfico como elemento de entrada Ciencias sociales
9 (RLIN) 7078
653 ## - TÉRMINO DE INDIZACIÓN - NO CONTROLADO
Término no controlado Ensayo argentino
942 ## - TIPO DE MATERIAL (KOHA)
Tipo de Item KOHA Libros General
945 ## - INFORMACIÓN LOCAL DEL REGISTRO
Catalogador Luz Peña
Existencias
Estado de Material Estado de Perdido Forma de Clasificación Estado de Dañado No para Préstamo Colección Biblioteca de Origen Biblioteca Permanente Fecha de Adquisición Área Total de Préstamos Signatura Topográfica Código de Barras Última vez visto Ejemplar/Existencia Fecha de Remplazo Tipo de Material
    Dewey Decimal Classification     Colección General Biblioteca FUSBC Biblioteca FUSBC 14/02/2024 CIENCIA Y HUMANIDADES   G 600 B595p 22312 14/02/2024 Ej. 1 14/02/2024 Libros General

Biblioteca FUSBC | Teléfono: (57+4) 349 88 10 Ext. 141| WhatsApp (+57) 3005338115 
E-mail: biblioteca@unisbc.edu.co | Calle 76 87-14 Robledo Palenque, Medellín, Colombia

Con tecnología Koha